000
00292nam a2200121Ia 4500
008
190216s9999||||xx |||||||||||||| ||und||
100
_a
Kesava Pillai K G
245
0
_a
Kesaveeyam (maha Kavyam)
260
_b
Poorna Pubs Kozhikode
_c
1985
300
_a
96p
650
_a
Kavithkal
942
_c
BK
999
_c
24203
_d
24203